000 00284nam a22001337a 4500
020 _a978-93-83760-43-5
082 _a823
_bKAN/M
100 _aKANAKARAGHAVAN
245 _aMAGIC POND
260 _aTHRISSUR
_bH&C
300 _a48
650 _aENGLISH SHORT STORY
_zKERALA
942 _cBK
999 _c3554
_d3554